00529 2200181 4500001002100000005001500021035002000036007000300056008004100059020001800100082001100118084001700129100002600146245009400172260004000266300002300306650001800329INLIS00000000000028020170918015942 a0010-0917000266ta170918 f 0 ind  a979-3855-06-1 a297.63 a297.63 GHA t0 aGhani, Muhammad Abdul1 aThe Spirituality In Business :bPencerahan Hati Bagi Pelaku Usaha /cMuhammad Abdul Ghani aJakarta :bPena Pundi Aksara,c2005 a211hlm ;c24x15 cm aSyariah.Islam